| 000 | 00455nam a22001697a 4500 | ||
|---|---|---|---|
| 003 | NUST - PNEC | ||
| 005 | 20170116181133.0 | ||
| 008 | 151006b xxu||||| |||| 00| 0 eng d | ||
| 020 | _a- | ||
| 040 | _cLIBRARY | ||
| 082 | _a954.91 RIZ | ||
| 100 |
_914073 _aRizvi, Hasan-Askari |
||
| 245 |
_aMilitary, State and society in pakistan _cHasan-Askari Rizvi |
||
| 260 | _cc.2003 | ||
| 650 |
_914077 _aMilitary,state and society _vGeneral |
||
| 942 |
_2ddc _cBK |
||
| 999 |
_c70058 _d70058 |
||